000 00741nam a2200217 i 4500
001 34574
003 ES-MaACL
005 20250929063103.0
007 t|
008 030207s1966 sp ||||1| spa d
100 1 _aDufoyer, Pierre,
_d1898-1959
_9171461
245 1 0 _aPsicología de los adolescentes explicada a las madres /
_cpor René Boigelot, Ángel del Hogar [seud.].
250 _a7ª ed.
260 _aBilbao :
_bDesclée de Brouwer,
_c1966.
300 _a119 p. ;
_c19 cm.
490 1 _aEducación y familia. Segunda serie ;
_v5
650 0 0 _aAdolescentes-
_xPsicología.
_99649
830 1 0 _aColección educación y familia (Desclée de Brouwer)
_v5
_9182029
852 _aES-MaACL
_jC-32141
999 _c34574
_d34574